Les joueurs ayant disputé 5 Coupes du monde - Statistiques

Statistiques générales
  • Ce quiz a été pris 106 fois
  • Le résultat moyen est 4 sur 8
Statistiques - réponses
Équipe Coupes du monde jouées Joueurs % Correct
Portugal 2006, 2010, 2014, 2018, 2022 Cristiano Ronaldo
100%
Argentine 2006, 2010, 2014, 2018, 2022 Lionel Messi
100%
Italie 1998, 2002, 2006, 2010, 2014 Gianluigi Buffon
83%
Mexique 2006, 2010, 2014, 2018, 2022 Guillermo Ochoa
78%
Allemagne 1982, 1986, 1990, 1994, 1998 Lothar Matthäus
38%
Mexique 2002, 2006, 2010, 2014, 2018 Rafael Marquez
34%
Mexique 2006, 2010, 2014, 2018, 2022 Andrés Guardado
11%
Mexique 1950, 1954, 1958, 1962, 1966 Antonio Carbajal
0%
Aucun quiz correspondant
Distribution des résultats
% des personnes avec chaque résultat
Percentile par nombre de réponses
Votre historique - résultats
Vous n’avez pas pris ce quiz